00547nam a2200193 a 4500001001300000003000900013005001700022008004100039020001000080082001300090100001700103245007600120260005000196300000800246500003500254505001800289650002900307700001700336nice12345678IN_TiNIC20260116012356.0050524s1989 kota grp 000 0 eng  ac10000a291bJOS aJoseph, Babu aFailure of Marxism Victory of Jesusb Can a Christian Be a Marxist Too? aKottayambChristian Liberation Movementc1989 a88p aincludes index and biblioraphy2 aBiblio, Index aMarxism and Christianity1 aJoseph, Babu